000 00483nam a2200181Ia 4500
005 20250326124440.0
008 250326s9999 xx 000 0 und d
037 _aTextbook
040 _aFMSL
_beng
_cFMSL
041 _aeng
_2eng
084 _aX:8p7381 K5
_qFMSL
100 _aHaire M
_9736247
245 0 _aModern organization theory
_cHaire M
260 _aNY
_bNY, John Wiley
_c1965
300 _a322p
942 _cTB
_hX:8p7381 K5
999 _c1273744
_d1273744